ARRUPE JESUIT UNIVERSITY

CORONAVIRUS -STOP THE SPREAD - CLEAN,DISINFECT,COVER

Language and national identity in Africa / (Record no. 128274)

MARC details
000 -LEADER
fixed length control field 01425cam a2200349 a 4500
001 - CONTROL NUMBER
control field 15019725
003 - CONTROL NUMBER IDENTIFIER
control field ARRUPE
005 - DATE AND TIME OF LATEST TRANSACTION
control field 20181003095939.0
008 - FIXED-LENGTH DATA ELEMENTS--GENERAL INFORMATION
fixed length control field 070924s2008 enkab b 001 0 eng
010 ## - LIBRARY OF CONGRESS CONTROL NUMBER
LC control number 2007039701
020 ## - INTERNATIONAL STANDARD BOOK NUMBER
International Standard Book Number 9780199286751 (pbk.)
020 ## - INTERNATIONAL STANDARD BOOK NUMBER
International Standard Book Number 0199286752 (pbk.)
020 ## - INTERNATIONAL STANDARD BOOK NUMBER
International Standard Book Number 9780199286744 (hbk.)
020 ## - INTERNATIONAL STANDARD BOOK NUMBER
International Standard Book Number 0199286744 (hbk.)
035 ## - SYSTEM CONTROL NUMBER
System control number (OCoLC)ocn173659535
035 ## - SYSTEM CONTROL NUMBER
System control number (OCoLC)173659535
040 ## - CATALOGING SOURCE
Original cataloging agency DLC
Transcribing agency DLC
Modifying agency DLC
043 ## - GEOGRAPHIC AREA CODE
Geographic area code f------
050 00 - LIBRARY OF CONGRESS CALL NUMBER
Classification number P119.32.A3
Item number L364 2008
082 00 - DEWEY DECIMAL CLASSIFICATION NUMBER
Classification number 306.44/96
Edition number 22
084 ## - OTHER CLASSIFICATION NUMBER
Classification number 17.24
Source of number bcl
300 ## - PHYSICAL DESCRIPTION
Other physical details ill., maps ;
Dimensions 26 cm.
245 00 - TITLE STATEMENT
Title Language and national identity in Africa /
Statement of responsibility, etc edited by Andrew Simpson.
260 ## - PUBLICATION, DISTRIBUTION, ETC. (IMPRINT)
Place of publication, distribution, etc Oxford ;
-- New York :
Name of publisher, distributor, etc Oxford University Press,
Date of publication, distribution, etc 2008.
300 ## - PHYSICAL DESCRIPTION
Extent xiii, 367 p. :
440 ## - SERIES STATEMENT/ADDED ENTRY--TITLE
Title Oxford linguistics
9 (RLIN) 42623
504 ## - BIBLIOGRAPHY, ETC. NOTE
Bibliography, etc Includes bibliographical references (p. [339]-362) and index.
650 #0 - SUBJECT ADDED ENTRY--TOPICAL TERM
Topical term or geographic name as entry element Nationalism
Geographic subdivision Africa.
9 (RLIN) 9483
650 #0 - SUBJECT ADDED ENTRY--TOPICAL TERM
Topical term or geographic name as entry element Anthropological linguistics
Geographic subdivision Africa.
9 (RLIN) 42624
651 #0 - SUBJECT ADDED ENTRY--GEOGRAPHIC NAME
Geographic name Africa
General subdivision Languages
-- Political aspects.
9 (RLIN) 42625
700 1# - ADDED ENTRY--PERSONAL NAME
Personal name Simpson, Andrew,
Dates associated with a name 1962-
9 (RLIN) 42626
Relator term ed.
856 41 - ELECTRONIC LOCATION AND ACCESS
Materials specified Table of contents
Uniform Resource Identifier <a href="http://www.loc.gov/catdir/toc/fy0804/2007039701.html">http://www.loc.gov/catdir/toc/fy0804/2007039701.html</a>
906 ## - LOCAL DATA ELEMENT F, LDF (RLIN)
a 7
b cbc
c orignew
d 1
e ecip
f 20
g y-gencatlg
942 ## - ADDED ENTRY ELEMENTS (KOHA)
Source of classification or shelving scheme Library of Congress Classification
Koha item type Monograph ( Printed materials)
Holdings
Withdrawn status Lost status Source of classification or shelving scheme Damaged status Not for loan Collection code Home library Current library Shelving location Date acquired Total Checkouts Full call number Barcode Date last seen Date checked out Price effective from Koha item type
    Library of Congress Classification     Main Collection ARRUPE LIBRARY ARRUPE LIBRARY Main Collection 02/10/2018 2 P119.32.A3 L364 2008 46600003180 08/01/2019 07/12/2018 02/10/2018 Monograph ( Printed materials)

 

Arrupe Library. PO Box MP320 Mt Pleasant, Harare, Zimbabwe
263 242 745411|librarian@aju.ac.zw